000
00266nam a22001337a 4500
008
170923b xxu||||| |||| 00| 0 eng d
020
_a
0941405044
041
_a
eng
080
_a
37
100
_a
46
101
_a
EDU
245
_a
THE 12 STEPS
942
_2
udc
_c
BK
999
_c
29301
_d
29301